| 000 | 00578nam a2200229Ia 4500 | ||
|---|---|---|---|
| 008 | 171120s9999 xx 000 0 und d | ||
| 020 | _a852295537 | ||
| 050 | _a423 | ||
| 050 | _bE563 1992 | ||
| 100 | _aEncyclopedia Britannica, Inc. | ||
| 245 | _aBritannica ready reference 2 / | ||
| 245 | _cby Encyclopedia Britannica, Inc. | ||
| 250 | _aFifth edition | ||
| 260 | _aUSA : | ||
| 260 | _bEncyclopedia Britannica Inc., | ||
| 260 | _c1992 | ||
| 300 | _a982 pages : | ||
| 300 | _billustrations ; | ||
| 300 | _c28cm. | ||
| 650 | _aEncyclopedia. | ||
| 700 | _aTitle. | ||
| 999 |
_c345103 _d345103 |
||